000 00229nam a2200097Ia 4500
008 191206s9999 xx 000 0 und d
020 _a9966212175
090 _aTK788Z.W60
245 0 _aSEARCHING FOR SELF KNOWLEDGE
260 _cc1996
999 _c16868
_d16868